A marxizmus ma (Henri Lefebvre Misao postala svijetom, Treba li napustiti Marksa? Zagreb: Globus, 1981.)

Elmentve itt :
Bibliográfiai részletek
Szerző: Dési Ábel
Adatforrás:Philobibl
Forrásdokumentuma:7 Nap
1982. ápr.30.,18.sz., 14.p. p.
Dokumentumtípus: Cikk
Nyelv:magyar
LEADER 00352nab a2200097 c 4500
001 bibDOK00021998
005 20200924121616.5
008 060518s1982 xx hun
100 1 |a Dési Ábel 
245 1 2 |a A marxizmus ma (Henri Lefebvre Misao postala svijetom, Treba li napustiti Marksa? Zagreb: Globus, 1981.)  |c Dési Ábel 
773 0 |t 7 Nap  |g 1982. ápr.30.,18.sz., 14.p. p.